Catálogo
 En Linea

El ABC de la bolsa / (Registro nro. 12999)

Detalles MARC
000 -CABECERA
campo de control de longitud fija 00931cam a2200301 a 4500
001 - NÚMERO DE CONTROL
campo de control 000013373
003 - IDENTIFICADOR DEL NÚMERO DE CONTROL
campo de control OSt
005 - FECHA Y HORA DE LA ÚLTIMA TRANSACCIÓN
campo de control 20200929163217.0
008 - DATOS DE LONGITUD FIJA--INFORMACIÓN GENERAL
campo de control de longitud fija 870331s1974 sp 001 0 spa
010 ## - NÚMERO DE CONTROL DE LA BIBLIOTECA DEL CONGRESO
Número de control de LC 86139799
020 ## - NÚMERO INTERNACIONAL ESTÁNDAR DEL LIBRO
Número Internacional Estándar del Libro 8471561549
040 ## - FUENTE DE LA CATALOGACIÓN
Centro catalogador/agencia de origen DO-SdBNP
Lengua de catalogación spa
Centro/agencia transcriptor BNPHU
082 ## - NÚMERO DE LA CLASIFICACIÓN DECIMAL DEWEY
Número de clasificación xxx
Número de documento/Ítem xxx
100 1# - ENTRADA PRINCIPAL--NOMBRE DE PERSONA
Nombre de persona Lanz, Karl
9 (RLIN) 30592
240 10 - TÍTULO UNIFORME
Título uniforme Borsen ABC
Lenguaje de la obra Español
245 13 - MENCIÓN DE TÍTULO
Título El ABC de la bolsa /
Mención de responsabilidad, etc. Karl Lanz ; [traducido del alemán por Luis F. Villanueva].
250 ## - MENCIÓN DE EDICIÓN
Mención de edición 2a ed.
260 ## - PUBLICACIÓN, DISTRIBUCIÓN, ETC.
Lugar de publicación, distribución, etc. Barcelona :
Nombre del editor, distribuidor, etc. Mediterráneo,
Fecha de publicación, distribución, etc. 1974.
300 ## - DESCRIPCIÓN FÍSICA
Extensión 150 p. :
Otras características físicas il ;
Dimensiones 21 cm.
490 1# - MENCIÓN DE SERIE
Mención de serie Colección de bolsillo Edime
Designación de volumen o secuencia 43
500 ## - NOTA GENERAL
Nota general Incluye datos biográficos del autor en la solapa de la contracubierta
500 ## - NOTA GENERAL
Nota general Traduit de : Börsen-ABC.
500 ## - NOTA GENERAL
Nota general Estudios.
700 1# - PUNTO DE ACCESO ADICIONAL--NOMBRE DE PERSONA
Nombre de persona Villanueva, Luis F.
Término indicativo de función/relación tr.
9 (RLIN) 50084
830 #0 - PUNTO DE ACCESO ADICIONAL DE SERIE-TÍTULO UNIFORME
Título uniforme Colección de bolsillo Edime, 43
9 (RLIN) 30593
942 ## - ELEMENTOS DE PUNTO DE ACCESO ADICIONAL (KOHA)
Fuente del sistema de clasificación o colocación Dewey Decimal Classification
Tipo de ítem Koha Libros y folletos
956 ## - LOCALIZACIÓN Y ACCESO ELECTRÓNICOS LOCAL (OCLC)
Nombre del host LOPEREZ
Existencias
Estado de retiro Estado de pérdida Fuente del sistema de clasificación o colocación Restricciones de uso No para préstamo Código de colección Localización permanente Ubicación/localización actual Fecha de adquisición Número de inventario Total de préstamos Signatura topográfica completa Código de barras Fecha visto por última vez Precio válido a partir de Tipo de ítem Koha Ubicación en estantería Número de copia
    Dewey Decimal Classification   Excluido de préstamo Monografías: Libros y Folletos General General 23.11.2009 LF1   xxx xxx 13373-10 25.06.2020 25.06.2020 No se presta    
  Extraviado     Excluido de préstamo Monografías: Libros y Folletos General General 10.04.2017 LF1   xxx xxx 13373-20 25.06.2020 25.06.2020 No se presta Extraviado e. 2

Con tecnología Koha